Communication about the Heart Failure Trajectory in Patients, Their Families and Health Care Professionals.

Bibliographic Details
Main Author: Hjelmfors, Lisa.
Format: eBook
Language:English
Published: Linköping : Linkopings Universitet, 2018.
Edition:1st ed.
Series:Linköping University Medical Dissertations Series
Subjects:
Online Access:Click to View
LEADER 01957nam a22003853i 4500
001 EBC5328438
003 MiAaPQ
005 20240729202202.0
006 m o d |
007 cr cnu||||||||
008 240729s2018 xx o ||||0 eng d
020 |a 9789176853566  |q (electronic bk.) 
035 |a (MiAaPQ)EBC5328438 
035 |a (Au-PeEL)EBL5328438 
035 |a (CaPaEBR)ebr11553021 
035 |a (OCoLC)1035516226 
040 |a MiAaPQ  |b eng  |e rda  |e pn  |c MiAaPQ  |d MiAaPQ 
100 1 |a Hjelmfors, Lisa. 
245 1 0 |a Communication about the Heart Failure Trajectory in Patients, Their Families and Health Care Professionals. 
250 |a 1st ed. 
264 1 |a Linköping :  |b Linkopings Universitet,  |c 2018. 
264 4 |c {copy}2018. 
300 |a 1 online resource (113 pages) 
336 |a text  |b txt  |2 rdacontent 
337 |a computer  |b c  |2 rdamedia 
338 |a online resource  |b cr  |2 rdacarrier 
490 1 |a Linköping University Medical Dissertations Series ;  |v v.1611 
505 0 |a Intro -- CONTENTS -- ABSTRACT -- LIST OF PAPERS -- ABBREVIATIONS -- INTRODUCTION -- BACKGROUND -- AIMS -- METHODS -- RESULTS -- DISCUSSION -- CONCLUSIONS -- SVENSK SAMMANFATTNING -- ACKNOWLEDGEMENTS -- REFERENCES -- Appendix 1 -- Appendix 2 -- Papers. 
588 |a Description based on publisher supplied metadata and other sources. 
590 |a Electronic reproduction. Ann Arbor, Michigan : ProQuest Ebook Central, 2024. Available via World Wide Web. Access may be limited to ProQuest Ebook Central affiliated libraries.  
655 4 |a Electronic books. 
776 0 8 |i Print version:  |a Hjelmfors, Lisa  |t Communication about the Heart Failure Trajectory in Patients, Their Families and Health Care Professionals  |d Linköping : Linkopings Universitet,c2018 
797 2 |a ProQuest (Firm) 
830 0 |a Linköping University Medical Dissertations Series 
856 4 0 |u https://ebookcentral.proquest.com/lib/matrademy/detail.action?docID=5328438  |z Click to View